Portuguese Africa and the West. (Record no. 125198)
[ view plain ]
| 000 -LEADER | |
|---|---|
| fixed length control field | 00966cam a2200325 4500 |
| 001 - CONTROL NUMBER | |
| control field | 4688075 |
| 003 - CONTROL NUMBER IDENTIFIER | |
| control field | ARRUPE |
| 005 - DATE AND TIME OF LATEST TRANSACTION | |
| control field | 20160913093243.0 |
| 008 - FIXED-LENGTH DATA ELEMENTS--GENERAL INFORMATION | |
| fixed length control field | 730503s1972 enkb b 001 0 eng |
| 010 ## - LIBRARY OF CONGRESS CONTROL NUMBER | |
| LC control number | 73154618 |
| 020 ## - INTERNATIONAL STANDARD BOOK NUMBER | |
| International Standard Book Number | 0140410317 |
| 035 ## - SYSTEM CONTROL NUMBER | |
| System control number | (OCoLC)ocm00632725 |
| 035 ## - SYSTEM CONTROL NUMBER | |
| System control number | (NNC)4688075 |
| 040 ## - CATALOGING SOURCE | |
| Original cataloging agency | DLC |
| Transcribing agency | DLC |
| Modifying agency | EL$ |
| 043 ## - GEOGRAPHIC AREA CODE | |
| Geographic area code | e-po--- |
| -- | f------ |
| -- | n-us--- |
| 050 00 - LIBRARY OF CONGRESS CALL NUMBER | |
| Classification number | DT36 |
| Item number | .M56 |
| 098 ## - OTHER CLASSIFICATION SCHEMES (OCLC) | |
| Call number based on other classification scheme | MX12 |
| 300 ## - PHYSICAL DESCRIPTION | |
| Other physical details | maps. |
| Dimensions | 19 cm. |
| 100 1# - MAIN ENTRY--PERSONAL NAME | |
| Personal name | Minter, William, |
| Dates associated with a name | 1942- |
| 9 (RLIN) | 25631 |
| 245 10 - TITLE STATEMENT | |
| Title | Portuguese Africa and the West. |
| 260 ## - PUBLICATION, DISTRIBUTION, ETC. (IMPRINT) | |
| Place of publication, distribution, etc | Harmondsworth, |
| Name of publisher, distributor, etc | Penguin, |
| Date of publication, distribution, etc | 1972. |
| 300 ## - PHYSICAL DESCRIPTION | |
| Extent | 176 p. |
| 490 1# - SERIES STATEMENT | |
| Series statement | Penguin African library |
| 504 ## - BIBLIOGRAPHY, ETC. NOTE | |
| Bibliography, etc | Bibliography: p. 163-167. |
| 651 #0 - SUBJECT ADDED ENTRY--GEOGRAPHIC NAME | |
| Geographic name | Africa, Portuguese-speaking |
| General subdivision | Relations |
| Geographic subdivision | United States. |
| 9 (RLIN) | 25632 |
| 651 #0 - SUBJECT ADDED ENTRY--GEOGRAPHIC NAME | |
| Geographic name | Portugal |
| General subdivision | Relations |
| Geographic subdivision | United States. |
| 9 (RLIN) | 25633 |
| 651 #0 - SUBJECT ADDED ENTRY--GEOGRAPHIC NAME | |
| Geographic name | Africa, Portuguese-speaking. |
| 9 (RLIN) | 25634 |
| 830 #0 - SERIES ADDED ENTRY--UNIFORM TITLE | |
| Uniform title | Penguin African library. |
| 9 (RLIN) | 25635 |
| 942 ## - ADDED ENTRY ELEMENTS (KOHA) | |
| Source of classification or shelving scheme | Library of Congress Classification |
| Koha item type | Monograph ( Printed materials) |
| Withdrawn status | Lost status | Source of classification or shelving scheme | Damaged status | Not for loan | Collection code | Home library | Current library | Shelving location | Date acquired | Total Checkouts | Full call number | Barcode | Date last seen | Price effective from | Koha item type |
|---|---|---|---|---|---|---|---|---|---|---|---|---|---|---|---|
| Library of Congress Classification | Main Collection | ARRUPE LIBRARY | ARRUPE LIBRARY | Main Collection | 13/09/2016 | DT36 .M56 | 46500010183 | 07/12/2017 | 13/09/2016 | Monograph ( Printed materials) |